South Yorkshire on long recovery road (Record no. 74043)
[ view plain ]
| 000 -LEADER | |
|---|---|
| fixed length control field | 01188cab a2200241 4500 |
| 001 - CONTROL NUMBER | |
| control field | ABS67385 |
| 008 - FIXED-LENGTH DATA ELEMENTS--GENERAL INFORMATION | |
| fixed length control field | 040108n2003 000 0 eng u |
| 035 ## - SYSTEM CONTROL NUMBER | |
| System control number | (Sirsi) u124755 |
| 100 ## - MAIN ENTRY--PERSONAL NAME | |
| Personal name | Niven, R. |
| 245 ## - TITLE STATEMENT | |
| Title | South Yorkshire on long recovery road |
| 260 ## - PUBLICATION, DISTRIBUTION, ETC. | |
| Date of publication, distribution, etc. | 2003 |
| 490 ## - SERIES STATEMENT | |
| Series statement | Planning (for the Natural and Built Environment) |
| Volume/sequential designation | 12 December 2003, 14-15(2) |
| 520 ## - SUMMARY, ETC. | |
| Summary, etc. | Discusses the efforts made by various national and regional organisations helping in the regeneration of South Yorkshire. Mentions the role of Renaissance South Yorkshire, the organisation appointed to oversee the allocation of the South Yorkshireαs regeneration funds, and its major challenge of reclaiming derelict land left by the mining industry. Pinpoints key areas requiring assistance, while noting the success of the decontamination programme taking place elsewhere. Also considers the importance of the quality of new jobs in general and the problem of outward migration. |
| 590 ## - LOCAL NOTE (RLIN) | |
| Local note | ABS |
| 650 ## - SUBJECT ADDED ENTRY--TOPICAL TERM | |
| Topical term or geographic name entry element | MINING |
| 650 ## - SUBJECT ADDED ENTRY--TOPICAL TERM | |
| Topical term or geographic name entry element | ECONOMY |
| 650 ## - SUBJECT ADDED ENTRY--TOPICAL TERM | |
| Topical term or geographic name entry element | EMPLOYMENT |
| 650 ## - SUBJECT ADDED ENTRY--TOPICAL TERM | |
| Topical term or geographic name entry element | DERELICTION |
| 650 ## - SUBJECT ADDED ENTRY--TOPICAL TERM | |
| Topical term or geographic name entry element | DECONTAMINATION |
| 650 ## - SUBJECT ADDED ENTRY--TOPICAL TERM | |
| Topical term or geographic name entry element | SOUTH YORKSHIRE |
| 690 ## - LOCAL SUBJECT ADDED ENTRY--TOPICAL TERM (OCLC, RLIN) | |
| Topical term or geographic name as entry element | REGENERATION |
| 942 ## - ADDED ENTRY ELEMENTS (KOHA) | |
| Suppress in OPAC | 0 |
| Withdrawn status | Lost status | Source of classification or shelving scheme | Damaged status | Not for loan | Home library | Current library | Shelving location | Date acquired | Total Checkouts | Full call number | Barcode | Date last seen | Copy number | Price effective from | Koha item type |
|---|---|---|---|---|---|---|---|---|---|---|---|---|---|---|---|
| Dewey Decimal Classification | London | London | Journal article | 08/01/2004 | ABS67385 | 124755-1001 | 06/08/2019 | 1 | 06/08/2019 | Journal article |